| 000 | 00445nam a2200169Ia 4500 | ||
|---|---|---|---|
| 008 | 230524s9999 xx 000 0 und d | ||
| 082 |
_a543.24 _bSCH |
||
| 100 | _aRobert J.Schilling | ||
| 245 | 0 | _aFundamentals of Digital Signal Processing using MATLAB | |
| 250 | _a3RD | ||
| 260 |
_aNEW DELHI _bCengage _c2010 |
||
| 300 | _aXIII;786 | ||
| 500 | _aQuantity Number: 4 | ||
| 650 | _aElectronics | ||
| 700 | _a Sandra L. Harris | ||
| 942 | _cBK | ||
| 999 |
_c48779 _d48779 |
||